000 00582nam a2200181Ia 4500
008 090124s9999 xx 000 0 und d
082 _b6613
100 _aपटवर्धन गंगूताई
245 _a चाकोरीबाहेर
250 _a1
260 _bसाधना प्रकाशन
_c1974
300 _a404
600 _aपटवर्धन गंगूताई
630 _a चाकोरीबाहेर
700 _aपटवर्धन गंगूताई
730 _a चाकोरीबाहेर
942 _cBOOK
999 _c84741
_d84741